Liste des Pokémon lézards - Statistiques

Statistiques générales
  • Ce quiz a été pris 21 fois
  • Le résultat moyen est 13 sur 22
Statistiques - réponses
N° Pokédex Pokémon % Correct
#0006 Dracaufeu
100%
#0005 Reptincel
100%
#0004 Salamèche
100%
#0252 Arcko
82%
#0254 Jungko
82%
#0818 Lézargus
82%
#0253 Massko
82%
#0816 Larméléon
76%
#0817 Arrozard
71%
#0758 Malamandre
71%
#0560 Baggaïd
53%
#0559 Baggiguane
53%
#0496 Lianaja
53%
#0495 Vipélierre
53%
#0352 Kecleon
47%
#0694 Galvaran
41%
#0695 Iguolta
41%
#0967 Motorizard
35%
#0849 Salarsen
35%
#0848 Toxizap
35%
#0803 Vémini
35%
#0841 Pomdrapi
18%
Aucun quiz correspondant
Distribution des résultats
% des personnes avec chaque résultat
Percentile par nombre de réponses
Votre historique - résultats
Vous n’avez pas pris ce quiz